000 00361nam a2200157Ia 4500
003 OSt
005 20240326120219.0
008 170524s9999 xx 000 0 und d
020 _a8121905338
040 _cIIMT UNIVERSITY MEERUT
100 _aKhurmi R S
245 0 _aStrength of materials
260 _bNew Delhi S Chand
260 _c2007
942 _2ddc
_c02
999 _c5458
_d5458